LEADER 01233cam0-22004091i-450- 001 990006593610403321 005 20070205132520.0 035 $a000659361 035 $aFED01000659361 035 $a(Aleph)000659361FED01 035 $a000659361 100 $a20010426d1983----km-y0itay50------ba 101 0 $aita 102 $aIT 105 $ay-------001yy 200 1 $aQui venit contra iura$eil furiosus nella criminalistica dei secoli 15. e 16.$fdi Marco Boari 210 $aMilano$cGiuffrè$d1983 215 $a164 p.$d25 cm 225 1 $aPubblicazioni della Facoltà di giurisprudenza, Università di Macerata$i2. ser.$v35 610 0 $aMalattie mentali$aAspetti giuridici$aSec. 15.-16. 676 $a364.2$v21$zita 676 $a362.2$v21$zita 676 $a344.044$v21$zita 700 1$aBoari,$bMarco$0218377 801 0$aIT$bUNINA$gRICA$2UNIMARC 901 $aBK 912 $a990006593610403321 952 $aSDI-E 46$b2950$fSDI 952 $aUNIV. 71 (35)$b12206$fFSPBC 952 $aUNIV. 358BIS (35)$b115587$fFGBC 952 $a344.044 BOA 1$bBIBL. 59508$fFLFBC 959 $aFSPBC 959 $aFGBC 959 $aFLFBC 959 $aSDI 996 $aQui venit contra iura$9622830 997 $aUNINA LEADER 01191nam--2200397---450- 001 990000566230203316 005 20050518153621.0 035 $a0056623 035 $aUSA010056623 035 $a(ALEPH)000056623USA01 035 $a0056623 100 $a20010716d1978----km-y0itay0103----ba 101 $aita 102 $aIT 105 $a||||||||001yy 200 1 $a<> predicazione apostolica e il suo sviluppo$fed. italiana a cura di Antonio Ornella 205 $a2. ed. riv. e corr. 210 $aBrescia$cPaideia$d1978 215 $a108 p.$d21 cm 225 2 $aStudi biblici 410 $12001$aStudi biblici 606 0 $aBibbia$xNuovo Testamento 676 $a225. 700 1$aDODD,$bCharles Harold$0205766 702 1$aORNELLA,$bAntonio 801 0$aIT$bsalbc$gISBD 912 $a990000566230203316 951 $aII 2 Coll.11/2(XIV COLL. 61/21)$b133693 LM$cXIV COLL. 959 $aBK 969 $aUMA 979 $aPATTY$b90$c20010716$lUSA01$h1237 979 $c20020403$lUSA01$h1706 979 $aPATRY$b90$c20040406$lUSA01$h1639 979 $aCOPAT7$b90$c20050518$lUSA01$h1536 996 $aPredicazione apostolica e il suo sviluppo$9537520 997 $aUNISA